000 00328nam a2200133Ia 4500
008 190216s9999||||xx |||||||||||||| ||und||
100 _aKumar. Hd
245 0 _aRecent Advances In Molecular Biology And Cytogenetics
250 _a1st Ed.
260 _bKalyani Publisher
_c1976
300 _a172
650 _aBotany
942 _cBK
999 _c1306
_d1306